000 01107nam a2200241Ii 4500
003 JO-AjNU
005 20240630095408.0
008 230605s9999||||xx |||||||||||||| ||und||
040 _aJO-AjNU
_bara
_erda
_cJO-AjNU
041 _aara
050 1 4 _aLB2341.A9722
100 _aايوب، علي محمد عبد الله
_eمعد
_965901
245 0 0 _aتقدير مدى فاعلية استخدام نظام ادارة الجودة الشاملة في تطوير اداء الجامعات الاردنية
_c/ اعداد علي محمد عبد الله ايوب ؛ اشراف احمد الخطيب
264 3 1 _a2000
300 _a126 ورقة
336 _atext
_btxt
_2rdacontent
337 _aunmediated
_bn
_2rdamedia
338 _avolume
_bnc
_2rdacarrier
500 _aرسالة جامعية ( اطروحة ماجستير) جامعة اليرموك، 2000
650 4 _aالجامعات والكليات - التعليم العالي - التخطيط التربوي - الادارة التعليمية - الاردن
_957034
700 _aاحمد الخطيب
_eمشرف
_965899
942 _2lcc
_cTHS
999 _c29102
_d29102